Introductory formal logic of mathematics
Gardado en:
| Autor Principal: | |
|---|---|
| Formato: | Libro |
| Idioma: | inglés |
| Publicado: |
Glencoe
The Free Press of Glencoe
1957
|
| Subjects: | |
| Tags: |
Engadir etiqueta
Sen Etiquetas, Sexa o primeiro en etiquetar este rexistro!
|
MARC
| LEADER | 00000nam a2200000 a 4500 | ||
|---|---|---|---|
| 001 | UCW0862 | ||
| 003 | CL-VaPUC | ||
| 008 | 891102e19570000US |||||||||||||||||eng|d | ||
| 082 | 0 | 4 | |a 511.3 |b NID |2 21 |
| 100 | |a Nidditch, P. H. |e author |9 304785 | ||
| 245 | 1 | 0 | |a Introductory formal logic of mathematics |
| 300 | |a 188 p | ||
| 942 | |c BK | ||
| 945 | |d 19891102 00:00:00 | ||
| 260 | |a Glencoe |b The Free Press of Glencoe |c 1957 | ||
| 650 | 0 | |a Lógica matemática |9 262442 | |
| 583 | |a last modification |c 19891102 00:00:00 |k Rodrigo Vera | ||
| 999 | |c 215896 |d 215894 | ||
| 952 | |0 0 |1 0 |4 0 |6 511_300000000000000_NID_1957 |7 0 |8 A |9 201089 |a BIBMAT |b BIBMAT |d 2019-11-14 |i 2682397 |o 511.3 NID 1957 |p 2682397 |r 2025-01-07 |w 2019-11-14 |y BK |k MAT | ||